LEADER 01907oam 2200553 450 001 9910711634303321 005 20181213103251.0 035 $a(CKB)5470000002485720 035 $a(OCoLC)953694629 035 $a(OCoLC)995470000002485720 035 $a(EXLCZ)995470000002485720 100 $a20160718d1968 ua 0 101 0 $aeng 135 $aurbn||||||||| 181 $ctxt$2rdacontent 182 $cc$2rdamedia 183 $acr$2rdacarrier 200 10$aGeochemical and geophysical anomalies in the western part of the Sheep Creek Range, Lander County, Nevada /$fby Garland B. Gott and Charles J. Zablocki 210 1$aWashington :$cUnited States Department of the Interior, Geological Survey,$d1968. 215 $a1 online resource (iii, 17 pages) $cillustrations, maps 225 1 $aGeological Survey circular ;$v595 320 $aIncludes bibliographical references (page 17). 517 3 $aSheep Creek Range, Lander County, Nevada 606 $aGeochemistry$zNevada$zLander County 606 $aGeophysics$zNevada$zLander County 606 $aOre deposits$zNevada$zLander County 606 $aGeochemistry$2fast 606 $aGeophysics$2fast 606 $aOre deposits$2fast 607 $aNevada$zLander County$2fast 615 0$aGeochemistry 615 0$aGeophysics 615 0$aOre deposits 615 7$aGeochemistry. 615 7$aGeophysics. 615 7$aOre deposits. 700 $aGott$b Garland B$g(Garland Bayard),$f1912-1996,$01392276 702 $aZablocki$b Charles J.$f1928- 712 02$aGeological Survey (U.S.), 801 0$bCOP 801 1$bCOP 801 2$bOCLCO 801 2$bOCLCF 801 2$bOCLCA 801 2$bGPO 906 $aBOOK 912 $a9910711634303321 996 $aGeochemical and geophysical anomalies in the western part of the Sheep Creek Range, Lander County, Nevada$93450060 997 $aUNINA LEADER 01468oam 2200421 a 450 001 9910700769003321 005 20110712093938.0 035 $a(CKB)5470000002411315 035 $a(OCoLC)653241674 035 $a(EXLCZ)995470000002411315 100 $a20100806d2010 ua 0 101 0 $aeng 135 $aurmn||||a|||| 181 $ctxt$2rdacontent 182 $cc$2rdamedia 183 $acr$2rdacarrier 200 10$aHomeland security$b[electronic resource] $eaddressing weaknesses with facility security committees would enhance protection of federal facilities : report to congressional requesters 210 1$a[Washington, D.C.] :$cU.S. Govt. Accountability Office,$d[2010] 215 $a1 online resource (i, 18 pages) 300 $aTitle from PDF title screen (GAO, viewed Aug. 6, 2010). 300 $a"August 2010." 300 $a"GAO-10-901." 320 $aIncludes bibliographical references. 517 $aHomeland security 606 $aPublic buildings$xSecurity measures$zUnited States 606 $aCivil service$xProtection$zUnited States 606 $aGovernment property$xProtection$zUnited States 615 0$aPublic buildings$xSecurity measures 615 0$aCivil service$xProtection 615 0$aGovernment property$xProtection 801 0$bDID 801 1$bDID 801 2$bOCLCQ 801 2$bGPO 906 $aBOOK 912 $a9910700769003321 996 $aHomeland Security$91686681 997 $aUNINA LEADER 03896nam 22006375 450 001 9910971123803321 005 20250509004957.0 010 $a9781137073792 010 $a1137073799 024 7 $a10.1007/978-1-137-07379-2 035 $a(CKB)3710000000653307 035 $a(EBL)4716801 035 $a(DE-He213)978-1-137-07379-2 035 $a(MiAaPQ)EBC4716801 035 $a(Perlego)3506943 035 $a(EXLCZ)993710000000653307 100 $a20160316d2007 u| 0 101 0 $aeng 135 $aur|n|---||||| 181 $ctxt$2rdacontent 182 $cc$2rdamedia 183 $acr$2rdacarrier 200 10$aCitizenship and Immigrant Incorporation $eComparative Perspectives on North America and Western Europe /$fby G. Yurdakul 205 $a1st ed. 2007. 210 1$aNew York :$cPalgrave Macmillan US :$cImprint: Palgrave Macmillan,$d2007. 215 $a1 online resource (258 p.) 300 $aDescription based upon print version of record. 311 08$a9780230600133 311 08$a0230600131 311 08$a9781349602599 311 08$a1349602590 320 $aIncludes bibliographical references at the end of each chapters and index. 327 $aCover; Half-Title; Title; Copyright; Contents; List of Illustrations; Acknowledgments; Notes on the Contributors; Foreword: The Integration Challenge; Introduction: Between Universalism and the Recognition of Otherness; Part I The Changing Nature of Migration in North America and Western Europe; One The Changing Nature of Migration in the Twenty-First Century: Implications for Integration Strategies; Two The Economic Adaptation of Past and Present Immigrants: Lessons from a Comparative-Historical Approach; Three Citizenship and Pluralism: Multiculturalism in a World of Global Migration 327 $aPart II Diaspora, Religion, and Counter-TraditionsFour Islam and Multicultural Societies: A Transatlantic Comparison; Five The Changing Contours of the Immigrant Religious Life; Six Crafting an Identity in the Diaspora: Iranian Immigrants in the United States; Part III Nation-State, Transnational Migration and Immigrant Workers; Seven Nation-State Building Projects and the Politics of Transnational Migration: Locating Salvadorans in Canada, the United States, and El Salvador; Eight Freedom to Discriminate: A National State Sovereignty and Temporary Migrant Workers in Canada 327 $aNine Professionals and Saints: How Immigrant Careworkers Negotiate Gender Identities at WorkPart IV Immigrant Incorporation into Social Institutions; Ten "We are Strong Together": The Unhappy Marriage of Immigrant Associations and Trade Unions in Germany; Eleven Liberal Values and Illiberal Cultures: The Question of Sharia Tribunals in Ontario; Index 330 $aThe contributions in this volume consider the question of migrant agency, how Western societies are both transforming migrants, and being transformed by them. It is informed by debates on the new 'transnational mobility', the immigration of Muslims, the increasing importance of human rights law, and the critical attention paid to women migrants. 606 $aInternational relations 606 $aPolitical science 606 $aConstitutional law 606 $aInternational Relations 606 $aPolitical Science 606 $aConstitutional Law 615 0$aInternational relations. 615 0$aPolitical science. 615 0$aConstitutional law. 615 14$aInternational Relations. 615 24$aPolitical Science. 615 24$aConstitutional Law. 676 $a320 700 $aYurdakul$b G$4aut$4http://id.loc.gov/vocabulary/relators/aut$01792188 701 $aYurdakul$b Go?kc?e$0861184 701 $aBodemann$b Y. Michal$f1944-2025.$01818261 906 $aBOOK 912 $a9910971123803321 996 $aCitizenship and Immigrant Incorporation$94377943 997 $aUNINA